QCM Football - Statistiques

Statistiques générales
  • Ce quiz a été pris 31 fois
  • Le résultat moyen est 6 sur 10
Statistiques - réponses
Question Réponse % Correct
Quel joueur a fait sa carrière dans un seul club ? Loïc Perrin
85%
Qui est connu comme étant le meilleur tireur de coup franc de l'histoire ? Même si y'en as plusieurs, lui est connu comme étant le meilleur Junhinho
78%
Quel est la bonne orthographe de ce joueur ? Khvicha Kvaratskhelia
67%
Quel joueur à ce jour (01/05/2026) est le meilleur buteur de l'histoire de la coupe du monde ? Miroslav Klose
67%
Lequel de ces clubs anglais a remporté deux ligue des champions consécutif ? Nottingham Forest
67%
Laquelle de ces nations n'a atteint qu'une seule fois la finale de la coupe du monde ? Angleterre
63%
Lequel de ces joueurs n'a jamais eu de ballon d'or ? Dennis Bergkamp
59%
Contre quel équipe l'Olympique Lyonnais a t-elle chuté (injustement ?) en quart de finale de ligue des champions 2005 ? PSV Eindhoven
44%
Quel joueur lors de la finale de la Ligue Des Champions 2006 s'est vu refusé un but, dû à un coup de sifflet trop rapide de l'arbitre ? Ludovic Guily
26%
Lequel de ces joueurs à le moins de sélections en équipe de France ? David Trezeguet
22%
Aucun quiz correspondant
Distribution des résultats
% des personnes avec chaque résultat
Percentile par nombre de réponses
Votre historique - résultats
Vous n’avez pas pris ce quiz